000 00912nam a22002537a 4500
005 20170124103038.0
010 _aB-069198
020 _c200.00
_a8187110635
035 _aB-069198
037 _bCen Lib/Ret
040 _aDPL
_bHN
082 _a
_bविजय
100 _aविजय
_941420
245 _aघोडा बाज़ार /
_cविजय
246 _aGhoda bazar /
_bby Vijay
260 _a दिल्ली
_bमेघा बुक्स
_c2002
270 _b दिल्ली
_aएक्स-11, नवीन शाहदरा
_e110032
300 _a199p.
_c19cm(सजिल्द)
650 _aहिंदी साहित्य
_966117
650 _aहिंदी साहित्य
_xकहानियां
_966118
650 _aHindi literature
_966119
650 _aHindi literature
_xstories
_966120
942 _2ddc
_cHN
_h
_mविजय
999 _c116358
_d116358